Départements français les plus boisés - Statistiques

Statistiques générales
  • Ce quiz a été pris 349 fois
  • Le résultat moyen est 13 sur 22
Statistiques - réponses
Superficie boisée (%) Département % Correct
61,7% Landes
88%
99,0% Guyane
82%
44,2% Jura
77%
47,7% Vosges
76%
47,6% Gironde
68%
44,9% Lozère
64%
43,4% Martinique
64%
45,4% Ardèche
63%
53,0% Réunion
60%
58,3% Var
60%
45,3% Corrèze
58%
40,8% Doubs
58%
41,0% Lot
58%
49,1% Alpes-de-Haute-Provence
57%
40,9% Ariège
55%
43,0% Dordogne
53%
55,9% Corse-du-Sud
52%
43,4% Drôme
52%
52,3% Alpes-Maritimes
51%
40,4% Haut-Rhin
50%
41,6% Haute-Saône
48%
42,6% Territoire de Belfort
28%
Aucun quiz correspondant
Distribution des résultats
% des personnes avec chaque résultat
Percentile par nombre de réponses
Votre historique - résultats
Vous n’avez pas pris ce quiz